Offene Gesellschaft, Marktprozess und Staatsaufgaben Möglichkeiten und Grenzen ökonomischer Theorien zur Erklärung der Funktionsweise offener Sozialsysteme und zur Legitimation staatlichen Handelns in Offenen Gesellschaften
Guardado en:
| Autor principal: | |
|---|---|
| Formato: | Libro |
| Lenguaje: | alemán |
| Publicado: |
Baden-Baden
Nomos
1993
|
| Edición: | 1. Aufl. |
| Colección: | Wirtschaftsrecht und Wirtschaftspolitik
Bd.132 |
| Materias: | |
| Etiquetas: |
Sin Etiquetas, Sea el primero en etiquetar este registro!
|
MARC
| LEADER | 00000nam a2200000 4500 | ||
|---|---|---|---|
| 001 | c010971 | ||
| 005 | 20221206074830.8 | ||
| 020 | |a 3-7890-2976-9 | ||
| 041 | 0 | |a ger | |
| 044 | |a DE | ||
| 245 | 1 | 0 | |a Offene Gesellschaft, Marktprozess und Staatsaufgaben |b Möglichkeiten und Grenzen ökonomischer Theorien zur Erklärung der Funktionsweise offener Sozialsysteme und zur Legitimation staatlichen Handelns in Offenen Gesellschaften |c Bernd Baumann |
| 250 | |a 1. Aufl. | ||
| 264 | 1 | |a Baden-Baden |b Nomos |c 1993 | |
| 300 | |a 413 s. | ||
| 490 | 1 | |a Wirtschaftsrecht und Wirtschaftspolitik |v Bd.132 | |
| 830 | 0 | |a Wirtschaftsrecht und Wirtschaftspolitik |v Bd.132 | |
| 610 | 2 | 0 | |a analýza ekonomická |
| 610 | 2 | 0 | |a spoločnosť |
| 610 | 2 | 0 | |a štát |
| 610 | 2 | 0 | |a vzťahy trhové |
| 610 | 2 | 0 | |a systémy sociálne |
| 610 | 2 | 0 | |a práva ľudské |
| 610 | 2 | 0 | |a demokracia |
| 610 | 2 | 0 | |a vývoj populačný |
| 610 | 2 | 0 | |a veda |
| 610 | 2 | 0 | |a politika obchodná |
| 610 | 2 | 0 | |a vývoj spoločenský |
| 610 | 2 | 0 | |a inštitúcia |
| 100 | 1 | |a Baumann, Bernd | |